00166nam a2200061Ia 4500008004100000100002200041245004100063120527s9999 xx 000 0 und d aJACQUELINE, D.A.H aPlant virology in sub-saharan Africa